| 000 | 00385nam a22001457a 4500 | ||
|---|---|---|---|
| 003 | BUBTL | ||
| 008 | 231224b ||||| |||| 00| 0 eng d | ||
| 020 | _a9780340706213 | ||
| 082 | _a428/ M1471a/ 2002 | ||
| 100 |
_aMcDonough, Steven _95577 |
||
| 245 |
_aApplied Linguisics in Language Education/ _c Steven McDonough |
||
| 300 | _a178 p. : | ||
| 856 |
_k0 _l0 _yDownload |
||
| 942 |
_2ddc _cBK |
||
| 999 |
_c7181 _d7181 |
||